000 00400nam a2200169Ia 4500
001 22635
003 IN-NITTTR
005 20251114233255.0
008 251113s9999||||xx |||||||||||||| ||eng||
040 _beng
040 _cIN-NITTTR
041 _aeng
082 _a658.022 H27C
100 _aHassan, M. I.
245 0 _aConsultancy projects and entrepreneurs. /
_cHassan, M. I.
942 _2ddc
_cBK
999 _c25264
_d25264